[Event "Open Oberwart  2001"]
[Site "Oberwart (Burgenland/Austria)"]
[Date "2001.07.14"]
[Round "8"]
[White "Steiner, Karl"]
[Black "Wallner, Joachim"]
[Result "0-1"]
[WhiteElo "2050"]
[BlackElo "2369"]
[PlyCount "60"]
[EventDate "2001.07.14"]

1. d4 Nf6 2. Nf3 e6 3. Bf4 b6 4. e3 Bb7 5. Bd3 Be7 6. h3 d6 7. Nbd2 O-O 8. O-O
c5 9. c3 Nc6 10. Qe2 Re8 11. e4 Qc7 12. e5 dxe5 13. dxe5 Nd7 14. Rfe1 Rad8 15.
Rad1 Nf8 16. Bg3 Nb8 17. Be4 Ba6 18. c4 Nc6 19. Bxc6 Qxc6 20. Ne4 Bb7 21. Nd6
Bxd6 22. exd6 22... f6 { } 23. Rd2 e5 24. Red1 Rd7 25. Nh4 Ne6 26. f4 Nd4 27.
Qg4 Rxd6 28. fxe5 fxe5 29. Nf5 Rg6 30. Nxd4 cxd4 0-1

[Event "Open Oberwart  2001"]
[Site "Oberwart (Burgenland/Austria)"]
[Date "2001.07.14"]
[Round "8"]
[White "Kiss, Attila"]
[Black "Cosic, Radoslav"]
[Result "1-0"]
[WhiteElo "2361"]
[BlackElo "2099"]
[PlyCount "105"]
[EventDate "2001.07.14"]

1. g3 g6 2. d4 c6 3. Bg2 Bg7 4. Nf3 d6 5. c4 e6 6. O-O Nd7 7. e4 Ne7 8. Nc3 a6
9. Re1 e5 10. Be3 b5 11. c5 dxc5 12. dxe5 O-O 13. Bf4 h6 14. h4 Nb6 15. Qc2 Be6
16. Rad1 Qc8 17. Rd6 Kh7 18. h5 gxh5 19. Be3 Nd7 20. Ne2 Ng6 21. Bxc5 Rg8 22.
Be3 c5 23. Nf4 Ndxe5 24. Nxh5 Nc4 25. Nxg7 Rxg7 26. Rdd1 Bh3 27. Bh1 Bg4 28.
Rd5 Nxe3 29. Rxe3 c4 30. e5 Kg8 31. Rd4 Rb8 32. Qd2 Kh7 33. Rd6 { } 33... a5
34. Nd4 Qc5 35. Rd5 Qc8 36. Be4 b4 37. Rxa5 Rb6 38. Kh2 Qd8 39. Rd5 Qe7 40. f4
Be6 41. Nxe6 fxe6 42. Rd6 Rb5 43. Qd4 Rb8 44. Qxc4 Qa7 45. Re2 Kh8 46. Qxe6
Rbg8 47. Qf6 Nf8 48. Rd8 Qc5 49. Bd5 Kh7 50. Bxg8+ Rxg8 51. Qf7+ Kh8 52. Rg2 b3
53. a3 1-0

[Event "Open Oberwart  2001"]
[Site "Oberwart (Burgenland/Austria)"]
[Date "2001.07.14"]
[Round "8"]
[White "Steinert, Martin"]
[Black "Wittmann, Walter"]
[Result "0-1"]
[WhiteElo "2115"]
[BlackElo "2352"]
[PlyCount "71"]
[EventDate "2001.07.14"]

1. e4 c5 2. Nf3 e6 3. d4 cxd4 4. c3 Nf6 5. e5 Nd5 6. Qxd4 Nc6 7. Qe4 f5 8. exf6
Nxf6 9. Qc2 Qc7 10. Be2 a6 11. Bg5 d5 12. Nbd2 Bd6 13. Bxf6 gxf6 14. Qa4 Bd7
15. Qh4 O-O-O 16. Rc1 e5 17. c4 17... d4 { } 18. c5 Be7 19. Nc4 Bxc5 20. Qxf6
e4 21. Ng5 Rhf8 22. Nf7 Rxf7 23. Qxf7 d3 24. Bh5 Rf8 25. Qxh7 Bxf2+ 26. Kd1 e3
27. Qxd3 Rd8 28. Ke2 Be6 29. Qe4 Bd5 30. Qg4+ Kb8 31. Rhd1 Rg8 32. Qf5 Ne7 33.
Qd3 Rxg2 34. Bf3 Rxh2 35. Nxe3 Bxe3+ 36. Ke1 0-1

[Event "Open Oberwart  2001"]
[Site "Oberwart (Burgenland/Austria)"]
[Date "2001.07.14"]
[Round "8"]
[White "Mahdy, Khaled"]
[Black "Winiwarter, Felix"]
[Result "1/2-1/2"]
[WhiteElo "2348"]
[BlackElo "2141"]
[PlyCount "42"]
[EventDate "2001.07.14"]

1. e4 e6 2. d4 d5 3. exd5 exd5 4. Nf3 Bd6 5. c4 dxc4 6. Bxc4 Nf6 7. O-O O-O 8.
h3 Nc6 9. Nc3 h6 10. a3 Bf5 11. Nb5 a6 12. Nxd6 Qxd6 13. Be3 Rad8 14. Rc1 Be4
15. Re1 Rfe8 16. Ba2 Bd5 17. Bb1 b5 18. Nh2 Bc4 19. Nf3 Bd5 20. Nh4 Be6 21. Nf3
21... Bd5 {.} 1/2-1/2

[Event "Open Oberwart  2001"]
[Site "Oberwart (Burgenland/Austria)"]
[Date "2001.07.14"]
[Round "8"]
[White "Hechl, Gerald"]
[Black "Zsinka, Laszlo"]
[Result "0-1"]
[WhiteElo "2230"]
[BlackElo "2348"]
[PlyCount "116"]
[EventDate "2001.07.14"]

1. e4 e5 2. Nf3 Nc6 3. Nc3 g6 4. d4 exd4 5. Nxd4 Bg7 6. Be3 d6 7. Qd2 Nf6 8.
O-O-O Bd7 9. f3 Qe7 10. g4 Nxd4 11. Bxd4 Be6 12. h4 O-O 13. h5 Rad8 14. Qh2 a6
15. Be2 g5 16. h6 Bh8 17. Be3 Nd7 18. Nd5 Bxd5 19. Rxd5 Be5 20. f4 gxf4 21.
Bxf4 f6 22. c3 Kh8 23. Qf2 Bxf4+ 24. Qxf4 Rde8 25. Bd3 Ne5 26. Bc2 Rg8 27. Rg1
Rg6 28. Rd2 Reg8 29. Bd1 Rg5 30. Kb1 R8g6 31. Rh2 Nf7 32. Rgh1 Re5 33. Bf3 Ng5
34. Re2 Qf8 35. Reh2 Qe7 36. Re2 Qe6 37. Bg2 Nf7 38. Bf3 Ng5 39. Bg2 b5 40. b3
Qe7 41. Bf3 Qe6 42. Bg2 Qc8 43. Bf3 Nxf3 44. Qxf3 Qxg4 45. Qe3 f5 46. Rf2 Rge6
47. Qf4 Qxf4 48. Rxf4 Rf6 49. Rxf5 Rexf5 50. exf5 Rxf5 51. Re1 Re5 52. Rf1 Kg8
53. Rg1+ Kf8 54. Rf1+ Ke7 55. Rg1 Kf6 56. Rg7 Re7 57. Rg8 Kf7 58. a4 58... Kxg8
{.} 0-1

[Event "Open Oberwart  2001"]
[Site "Oberwart (Burgenland/Austria)"]
[Date "2001.07.14"]
[Round "8"]
[White "Rudolf, Herbert"]
[Black "Zimmerman, Yuri"]
[Result "0-1"]
[WhiteElo "2205"]
[BlackElo "2346"]
[PlyCount "90"]
[EventDate "2001.07.14"]

1. e4 d6 2. d4 Nf6 3. Nc3 g6 4. Be3 c6 5. Qd2 Bg7 6. Bh6 Bxh6 7. Qxh6 Qa5 8.
Bd3 c5 9. Nge2 cxd4 10. Nxd4 Qb6 11. O-O-O Nc6 12. Nxc6 bxc6 13. e5 dxe5 14.
Ne4 Be6 15. Qg7 O-O-O 16. Nxf6 exf6 17. Qxf6 Rhe8 18. Rhe1 Qa5 19. a3 Rd5 20.
Be4 Rxd1+ 21. Rxd1 Kc7 22. f4 exf4 23. Qxf4+ Kb7 24. Qd6 Qg5+ 25. Kb1 Qb5 26.
Bf3 Rc8 27. b3 Rc7 28. Qb4 Qxb4 29. axb4 Kb6 30. Kb2 Re7 31. Rd6 Bd7 32. c4 Kc7
33. c5 g5 34. Kc3 g4 35. Bd1 Re1 36. Bc2 h5 37. Rh6 Re2 38. Rxh5 Rxg2 39. Be4
Rf2 40. b5 cxb5 41. b4 Be6 42. Rh8 42... Ra2 { } 43. Kd4 Rb2 44. Ke5 Rxb4 45.
Re8 f6+ 0-1

[Event "Open Oberwart  2001"]
[Site "Oberwart (Burgenland/Austria)"]
[Date "2001.07.14"]
[Round "8"]
[White "Lakos, Nikoletta"]
[Black "Werndl, Erich"]
[Result "1-0"]
[WhiteElo "2339"]
[BlackElo "2161"]
[PlyCount "83"]
[EventDate "2001.07.14"]

1. e4 e5 2. Nf3 Nc6 3. Bc4 Nf6 4. d3 Bc5 5. c3 d6 6. h3 h6 7. Nbd2 Qe7 8. b4
Bb6 9. Bb3 Be6 10. O-O O-O 11. Nc4 d5 12. exd5 Nxd5 13. Qe1 Qf6 14. b5 Na5 15.
Ncxe5 Rfe8 16. d4 Nxb3 17. axb3 Nf4 18. Bxf4 Qxf4 19. Qd2 Qxd2 20. Nxd2 f6 21.
Nec4 c5 22. Nxb6 axb6 23. Rxa8 Rxa8 24. Re1 Kf7 25. Ne4 cxd4 26. Nd6+ Ke7 27.
Nf5+ Kf7 28. Nxd4 Bd7 29. f4 g6 30. Kf2 Ra5 31. Kf3 Ra2 32. Re2 Ra3 33. Ke4 Ra5
34. c4 Ra8 35. Kd3 Ra1 36. g4 Rf1 37. Ke4 Rh1 38. Re3 h5 39. gxh5 gxh5 40. f5
Rh2 41. b4 Rh1 42. c5 {.} 1-0

[Event "Open Oberwart  2001"]
[Site "Oberwart (Burgenland/Austria)"]
[Date "2001.07.14"]
[Round "8"]
[White "Hager, Herbert"]
[Black "Dueckstein, Andreas"]
[Result "1-0"]
[WhiteElo "2144"]
[BlackElo "2316"]
[PlyCount "75"]
[EventDate "2001.07.14"]

1. d4 d5 2. Nf3 Nc6 3. g3 Bg4 4. Bg2 Qd7 5. h3 Bf5 6. Nh4 Be4 7. f3 Bg6 8. O-O
e6 9. Nxg6 hxg6 10. Be3 Bd6 11. Bf2 Nf6 12. e4 dxe4 13. fxe4 e5 14. d5 Ne7 15.
Nd2 O-O-O 16. c4 b6 17. g4 Nh7 18. h4 g5 19. Be3 f6 20. c5 bxc5 21. Qe2 Kb8 22.
h5 g6 23. Nb3 gxh5 24. gxh5 g4 25. Bxc5 Nc8 26. Rac1 Ka8 27. h6 Rdf8 28. Na5
Nb6 29. Qa6 Qc8 30. Qb5 Qd7 31. Nc6 Rb8 32. Qa6 Rb7 33. Be3 g3 34. Rf3 Rg8 35.
b4 Nc8 36. Rc3 Bxb4 37. Rb3 Qd6 38. a3 {.} 1-0

[Event "Open Oberwart  2001"]
[Site "Oberwart (Burgenland/Austria)"]
[Date "2001.07.14"]
[Round "8"]
[White "Ruck, Tamas"]
[Black "Noordhoek, Henk P"]
[Result "1-0"]
[WhiteElo "2315"]
[BlackElo "2122"]
[PlyCount "89"]
[EventDate "2001.07.14"]

1. e4 Nf6 2. Nc3 d5 3. e5 d4 4. exf6 dxc3 5. fxg7 cxd2+ 6. Qxd2 Qxd2+ 7. Bxd2
Bxg7 8. O-O-O Nc6 9. Bf4 Bd7 10. Bc4 O-O-O 11. Ne2 e6 12. Ng3 Ne5 13. Be2 Ng6
14. Bg5 Rdf8 15. Nh5 Be5 16. Bh6 Rd8 17. f4 Bd6 18. Bg5 Be7 19. Bxe7 Nxe7 20.
Bf3 Bc6 21. Bxc6 Nxc6 22. Nf6 h5 23. Rhe1 Rh6 24. Ne4 Rg6 25. Re2 Rxd1+ 26.
Kxd1 Kd8 27. c3 Rg8 28. Ke1 Ke7 29. Kf2 f6 30. Nc5 Nd8 31. Nxe6 Nxe6 32. f5 Rg5
33. fxe6 Re5 34. Rxe5 fxe5 35. Kf3 35... Kxe6 { } 36. Ke4 Kf6 37. g3 Ke6 38. c4
a5 39. b3 b6 40. a3 c6 41. b4 a4 42. h3 Kf6 43. g4 h4 44. c5 b5 45. g5+ 1-0

[Event "Open Oberwart  2001"]
[Site "Oberwart (Burgenland/Austria)"]
[Date "2001.07.14"]
[Round "8"]
[White "Wolfram, Bernd"]
[Black "Vukovic, Ivo"]
[Result "1-0"]
[WhiteElo "2121"]
[BlackElo "2310"]
[PlyCount "81"]
[EventDate "2001.07.14"]

1. e4 d6 2. c4 Nf6 3. Nc3 e5 4. h3 Be7 5. Nge2 O-O 6. g3 Be6 7. d3 c6 8. Bg2
Na6 9. f4 exf4 10. Nxf4 Nc7 11. O-O Nd7 12. Be3 Bf6 13. Qd2 g6 14. b3 Bg7 15.
d4 Nf6 16. Rae1 a6 17. Nd3 Nfe8 18. d5 cxd5 19. cxd5 Bd7 20. e5 Bf5 21. Bg5 f6
22. e6 Qe7 23. Be3 Bxd3 24. Qxd3 f5 25. Na4 Nf6 26. Nb6 Rad8 27. Qd2 Nh5 28. g4
fxg4 29. hxg4 Nf6 30. Bg5 Nce8 31. Rc1 h6 32. Bxh6 Nxg4 33. Rxf8+ Qxf8 34. Bg5
Bf6 35. Rf1 Qg7 36. Bxf6 Nexf6 37. Qg5 Rf8 38. Bh3 Ne5 39. Nd7 Nfxd7 40. exd7
Nxd7 41. Be6+ {.} 1-0

[Event "Open Oberwart  2001"]
[Site "Oberwart (Burgenland/Austria)"]
[Date "2001.07.15"]
[Round "9"]
[White "Eingorn, Vereslav"]
[Black "Golubovic, Boris"]
[Result "1-0"]
[WhiteElo "2598"]
[BlackElo "2465"]
[PlyCount "143"]
[EventDate "2001.07.15"]

1. c4 e5 2. g3 Nf6 3. Bg2 c6 4. d4 Bb4+ 5. Bd2 Bxd2+ 6. Qxd2 d6 7. Nc3 Qe7 8.
e3 O-O 9. Nge2 Nbd7 10. h3 Nb6 11. b3 Be6 12. O-O e4 13. a4 d5 14. a5 Nbd7 15.
Nf4 Rfe8 16. Rfc1 Nf8 17. cxd5 Bxd5 18. b4 a6 19. h4 h6 20. Ncxd5 cxd5 21. Rc5
Rad8 22. Bh3 g5 23. hxg5 hxg5 24. Ne2 g4 25. Bg2 25... Ne6 { } 26. Nf4 Nxc5 27.
bxc5 Nh7 28. Qa2 Qd7 29. Rb1 Re7 30. Rb6 Qf5 31. Qb1 Rdd7 32. Rh6 Ng5 33. Qb6
Re6 34. Nxe6 fxe6 35. Rh5 Kg7 36. Rxg5+ Qxg5 37. Qxe6 Rf7 38. Bf1 Re7 39. Qc8
Rf7 40. Qe6 Re7 41. Qc8 Rf7 42. Be2 Qf6 43. Qxg4+ Kf8 44. Qc8+ Kg7 45. Qg4+ Kf8
46. Qf4 Qxf4 47. exf4 Ke7 48. f3 Rg7 49. Kg2 Kf6 50. g4 Rh7 51. Bd1 Re7 52. Kf2
Rh7 53. Bb3 { } 53... exf3 54. g5+ Ke6 55. f5+ Ke7 56. Bxd5 Rh5 57. g6 Kf6 58.
Bxb7 Kxf5 59. Bxf3 Rg5 60. Ke3 Kf6 61. Be4 Rg1 62. Bd3 Ra1 63. c6 Ke7 64. Bxa6
Kd6 65. d5 Ra3+ 66. Bd3 Rxa5 67. Kf4 Ra7 68. Be4 Re7 69. Bf3 Re8 70. Bg4 Re7
71. Be6 Ra7 72. Kf5 1-0

[Event "Open Oberwart  2001"]
[Site "Oberwart (Burgenland/Austria)"]
[Date "2001.07.15"]
[Round "9"]
[White "Dobrov, Vladimir"]
[Black "Burmakin, Vladimir"]
[Result "1-0"]
[WhiteElo "2409"]
[BlackElo "2593"]
[Annotator "FRITZ 6"]
[PlyCount "127"]
[EventDate "2001.07.15"]

1. d4 d5 2. c4 e6 3. Nc3 Nf6 4. cxd5 exd5 5. Bg5 c6 6. e3 Be7 7. Bd3 Nbd7 8.
Qc2 h6 9. Bh4 O-O 10. Nge2 Re8 11. f3 c5 12. O-O b6 13. Rad1 Bb7 14. Kh1 a6 15.
Bf5 cxd4 16. Nxd4 Nh5 17. Bf2 Ne5 18. Qb3 b5 19. Nde2 Nc4 20. e4 Qa5 21. exd5
Nf6 22. a3 Rad8 23. Be4 Nxe4 24. fxe4 Bd6 25. Nd4 Be5 26. a4 Nd6 27. axb5 axb5
28. Ra1 Qc7 29. Ndxb5 Nxb5 30. Nxb5 Qd7 31. Nc3 Rb8 32. Ra7 Qc8 33. Re1 Ba6 34.
Qc2 Bc4 35. Bg3 Bxg3 36. hxg3 { } 36... Bb3 (36... Bxd5 $11) 37. Qf2 Rb7 38.
Rea1 f6 39. Qf4 Qd7 40. Ra8 Bc2 41. b4 Kf7 42. Rxe8 Qxe8 43. Ra2 Bb3 44. Ra3
Rxb4 45. Ra7+ Kg8 46. Qg4 Qf8 47. Qe6+ Kh8 48. Re7 Rb8 49. Ne2 Qc8 50. Nf4 Qxe6
51. Nxe6 g5 52. Nc5 Bc4 53. Nd7 Rb1+ 54. Kh2 Rf1 55. d6 Bb5 56. Nc5 Rd1 57. d7
Bxd7 58. Rxd7 Rc1 59. Nb7 Kg8 60. g4 Rc4 61. Re7 Kf8 62. Nd6 Rc6 63. Re8+ Kg7
64. Nf5+ 1-0

[Event "Open Oberwart  2001"]
[Site "Oberwart (Burgenland/Austria)"]
[Date "2001.07.15"]
[Round "9"]
[White "Ruck, Robert"]
[Black "Fercec, Nenad"]
[Result "1/2-1/2"]
[WhiteElo "2573"]
[BlackElo "2456"]
[PlyCount "123"]
[EventDate "2001.07.15"]

1. Nf3 Nc6 2. c4 e5 3. d4 exd4 4. Nxd4 Nf6 5. g3 Ne5 6. Nd2 Bb4 7. Qb3 c5 8.
Nc2 Ba5 9. Bg2 O-O 10. O-O Rb8 11. Ne3 d6 12. Qc2 Re8 13. Rd1 Nc6 14. Nf3 Qe7
15. a3 Bb6 16. Bd2 Nd4 17. Qd3 Bd7 18. Bc3 Ba4 19. Re1 Qe4 20. Nd2 Qxd3 21.
exd3 g6 22. Bxd4 cxd4 23. Nd5 Nxd5 24. Bxd5 Kf8 25. Ne4 Bc2 26. Nf6 Rxe1+ 27.
Rxe1 Rd8 28. Be4 Kg7 29. Nd5 Re8 30. Rc1 Bb3 31. Kf1 (31. Nxb6 31... axb6 $16)
31... Bd8 32. h4 f5 33. Bf3 Ba4 34. Nb4 Re7 35. Bd1 Be8 36. b3 h6 37. Bf3 g5
38. hxg5 hxg5 39. Re1 Rxe1+ 40. Kxe1 b5 41. cxb5 Bxb5 42. Bc6 a5 43. Bxb5 axb4
44. axb4 Kf6 45. Bc6 Ke5 46. Kd2 d5 47. Kc2 Be7 48. b5 Bc5 49. Kb2 Bb4 50. b6
Kd6 51. b7 Kc7 52. f3 Bd6 53. Bxd5 Bxg3 54. Be6 g4 55. fxg4 fxg4 56. Bxg4 Kxb7
57. Ka3 Bd6+ 58. b4 Kc6 59. Kb3 Bf8 60. Kc4 Be7 61. Kxd4 Bxb4 62. Ke5 1/2-1/2

[Event "Open Oberwart  2001"]
[Site "Oberwart (Burgenland/Austria)"]
[Date "2001.07.15"]
[Round "9"]
[White "Horvath, Peter"]
[Black "Cvitan, Ognjen"]
[Result "0-1"]
[WhiteElo "2441"]
[BlackElo "2555"]
[PlyCount "76"]
[EventDate "2001.07.15"]

1. d4 Nf6 2. c4 e6 3. Nc3 Bb4 4. Qc2 O-O 5. e4 d5 6. e5 Ne4 7. Bd3 c5 8. cxd5
exd5 9. Nge2 Nc6 10. O-O Nxd4 11. Nxd4 Bxc3 12. bxc3 cxd4 13. f3 Nxc3 14. Bxh7+
Kh8 15. Bd3 Bd7 16. Kh1 Qh4 17. Bd2 Bb5 18. Bxb5 Nxb5 19. Qd3 a6 20. a4 Nc3 21.
Be1 Qf4 22. Bf2 b5 23. Bxd4 Nxa4 24. g3 Qh6 25. f4 Rac8 26. f5 Nc5 27. Bxc5
Rxc5 28. Rf4 Rc4 29. Raf1 Re8 30. f6 Rxf4 31. gxf4 Kg8 32. fxg7 Qc6 33. Qf3
33... Qc4 { } 34. Qh3 Qe4+ 35. Kg1 Kxg7 36. Rf3 Re6 37. f5 Rxe5 38. f6+ Kg6 0-1

[Event "Open Oberwart  2001"]
[Site "Oberwart (Burgenland/Austria)"]
[Date "2001.07.15"]
[Round "9"]
[White "Farago, Ivan"]
[Black "Danner, Georg"]
[Result "1/2-1/2"]
[WhiteElo "2504"]
[BlackElo "2421"]
[PlyCount "78"]
[EventDate "2001.07.15"]

1. d4 Nf6 2. c4 e6 3. Nf3 Bb4+ 4. Bd2 Qe7 5. g3 Nc6 6. Nc3 Bxc3 7. Bxc3 Ne4 8.
Rc1 O-O 9. Bg2 d6 10. d5 Nxc3 11. Rxc3 Nd8 12. O-O e5 13. c5 dxc5 14. Qc2 e4
15. Nd2 f5 16. f3 exf3 17. Bxf3 c6 18. Rxc5 cxd5 19. Bxd5+ Be6 20. Bxe6+ Qxe6
21. Rcxf5 Re8 22. Qb3 Qxb3 23. Nxb3 Nc6 24. Rf7 Rxe2 25. Rxb7 Rf8 26. Rc7 Ne5
27. Rxf8+ Kxf8 28. Nd4 Rxb2 29. Ne6+ Ke8 30. Nxg7+ Kf8 31. Ne6+ Ke8 32. Rxh7
Nf3+ 33. Kh1 Rxa2 34. g4 a5 35. g5 a4 36. Rh3 Rxh2+ 37. Rxh2 Nxh2 38. Kxh2 Kf7
39. Nc5 39... Kg6 {.} 1/2-1/2

[Event "Open Oberwart  2001"]
[Site "Oberwart (Burgenland/Austria)"]
[Date "2001.07.15"]
[Round "9"]
[White "Rogulj, Branko"]
[Black "Wallner, Joachim"]
[Result "1/2-1/2"]
[WhiteElo "2460"]
[BlackElo "2369"]
[Annotator "FRITZ 6"]
[PlyCount "134"]
[EventDate "2001.07.15"]

1. e4 c5 2. Nc3 a6 3. a4 Nc6 4. g3 g6 5. Bg2 Bg7 6. d3 d6 7. f4 e6 8. Nf3 Nge7
9. O-O O-O 10. Be3 Nd4 11. e5 dxe5 12. Nxe5 Rb8 13. a5 Qc7 14. Ne4 Nd5 15. Bf2
f5 16. Nxc5 Qxc5 17. c3 (17. Ra4 Bxe5 18. fxe5 Qxc2 19. Bxd4 $16) 17... Nxc3
18. bxc3 Qxc3 19. Qa4 Bxe5 20. fxe5 Nc6 21. d4 Bd7 22. Rfc1 Qd3 23. Bf1 Qe4 24.
Re1 Qg4 25. h3 Qg5 26. Qb3 f4 27. g4 h5 28. d5 Nxe5 29. Bd4 Nxg4 30. hxg4 e5
31. Rxe5 Qxg4+ 32. Kf2 Qh4+ 33. Kg1 Qg4+ 34. Kh2 34... Qh4+ { } 35. Bh3 f3 36.
d6+ Rf7 37. Re6 Qf4+ 38. Kh1 Qxd4 39. Rxg6+ Kf8 40. Rag1 Bg4 41. Bxg4 hxg4 42.
Qe6 f2 43. Rf1 { } 43... Re8 (43... Qf4 $3) 44. Qxg4 Qd5+ 45. Kh2 Rh7+ 46. Kg3
Qe5+ 47. Qf4+ Qxf4+ 48. Kxf4 Rf7+ 49. Kg3 Re5 50. Rxf2 Rxf2 51. Kxf2 Rxa5 52.
Ke3 Rb5 53. Ke4 Kf7 54. Rh6 a5 55. Rh7+ Ke8 56. Kd4 b6 57. Rb7 Kd8 58. Kc4 Rc5+
59. Kd4 Rb5 60. Kc4 Rb1 61. Kd5 Kc8 62. Rc7+ Kd8 63. Ra7 Rc1 64. Ra6 Kd7 65.
Ra7+ Kd8 66. Ke6 Re1+ 67. Kd5 Rc1 1/2-1/2

[Event "Open Oberwart  2001"]
[Site "Oberwart (Burgenland/Austria)"]
[Date "2001.07.15"]
[Round "9"]
[White "Krivoshey, Sergei"]
[Black "Balinov, Ilia"]
[Result "1-0"]
[WhiteElo "2449"]
[BlackElo "2425"]
[PlyCount "77"]
[EventDate "2001.07.15"]

1. Nf3 f5 2. g3 Nf6 3. Bg2 g6 4. d4 Bg7 5. O-O O-O 6. c4 d6 7. Nc3 c6 8. d5 Qe8
9. e4 fxe4 10. Ng5 Bg4 11. Qb3 Na6 12. Ncxe4 Nd7 13. Be3 c5 14. h3 Bf5 15. g4
Bxe4 16. Bxe4 Rb8 17. Ne6 Rf7 18. f4 b5 19. cxb5 { } 19... c4 20. Qxc4 Rc8 21.
Qe2 Nac5 22. Nxg7 Rxg7 23. Bg2 Rc7 24. Rac1 Qb8 25. Bd4 Rf7 26. b4 Na4 27. Rc6
Nf8 28. Qc2 Rxc6 29. dxc6 Nb6 30. a4 Ne6 31. Be3 Nc7 32. Qb3 e6 33. f5 d5 34.
fxe6 Rxf1+ 35. Bxf1 Nxe6 36. Bf2 Qf4 37. Qe3 Qf7 38. a5 d4 39. Qe5 1-0

[Event "Open Oberwart  2001"]
[Site "Oberwart (Burgenland/Austria)"]
[Date "2001.07.15"]
[Round "9"]
[White "Gagarin, Vasilij"]
[Black "Kovacs, Gabor"]
[Result "1/2-1/2"]
[WhiteElo "2431"]
[BlackElo "2402"]
[PlyCount "43"]
[EventDate "2001.07.15"]

1. d4 Nf6 2. Nf3 e6 3. c4 Bb4+ 4. Bd2 c5 5. g3 Qb6 6. Qb3 Nc6 7. dxc5 Qxc5 8.
Bxb4 Qxb4+ 9. Nbd2 b6 10. Bg2 Bb7 11. O-O Qxb3 12. Nxb3 Ne4 13. Rfd1 Rc8 14.
Ne1 Ne5 15. Nd2 Nc5 16. Bxb7 Nxb7 17. b3 Ke7 18. Nef3 Nxf3+ 19. Nxf3 Rhd8 20.
Rd2 Nc5 21. Rad1 Ne4 22. Rd3 {.} 1/2-1/2

[Event "Open Oberwart  2001"]
[Site "Oberwart (Burgenland/Austria)"]
[Date "2001.07.15"]
[Round "9"]
[White "Medvegy, Zoltan"]
[Black "Kiss, Attila"]
[Result "1/2-1/2"]
[WhiteElo "2430"]
[BlackElo "2361"]
[PlyCount "60"]
[EventDate "2001.07.15"]

1. e4 c5 2. Nf3 d6 3. d4 Nf6 4. Nc3 cxd4 5. Nxd4 Nc6 6. Bg5 Qb6 7. Nb3 e6 8.
Be2 a6 9. O-O Be7 10. Bxf6 gxf6 11. Kh1 Bd7 12. Bh5 Ne5 13. f4 Nc4 14. Qe2 Rc8
15. Rf3 Nxb2 16. Rg3 Rf8 17. f5 Kd8 18. Qg4 Nc4 19. Qg7 Ne5 20. fxe6 fxe6 21.
Qxh7 21... Qf2 { } 22. Ne2 Rc4 23. Rg7 Bc6 24. Nd2 Rxc2 25. Rf1 Qe3 26. Rxe7
Rxd2 27. Qg7 Rg8 28. Qxf6 Qg5 29. Re8+ Kc7 30. Rxg8 Qxg8 1/2-1/2

[Event "Open Oberwart  2001"]
[Site "Oberwart (Burgenland/Austria)"]
[Date "2001.07.15"]
[Round "9"]
[White "Wittmann, Walter"]
[Black "Stanec, Nikolaus"]
[Result "0-1"]
[WhiteElo "2352"]
[BlackElo "2530"]
[PlyCount "80"]
[EventDate "2001.07.15"]

1. e4 g6 2. d4 Bg7 3. Nc3 d6 4. f4 c6 5. Nf3 Bg4 6. Be3 Qb6 7. Qd2 Bxf3 8. gxf3
Nd7 9. Rg1 Rb8 10. Rb1 Qa5 11. a3 Ngf6 12. e5 Nh5 13. Bh3 f5 14. exf6 Ndxf6 15.
Be6 Bf8 16. Rg5 Qc7 17. d5 a6 18. f5 Ng7 19. fxg6 Nxe6 20. dxe6 hxg6 21. Rxg6
Qc8 22. Ne4 Qxe6 23. Nxf6+ exf6 24. Kf1 Qf5 25. Rg3 Kd7 26. Re1 Re8 27. Qb4 Kc8
28. Re2 Qd7 29. Qd4 d5 30. Qa7 Bd6 31. Rgg2 Qh3 32. Ke1 Bb8 33. Qb6 Bc7 34. Qa7
Bb8 35. Qb6 Qd7 36. Kd1 Re6 37. Bd4 37... Rhe8 { } 38. Rxe6 Qxe6 39. c3 Qf5 40.
Rg7 Qd3+ 0-1

[Event "Open Oberwart  2001"]
[Site "Oberwart (Burgenland/Austria)"]
[Date "2001.07.15"]
[Round "9"]
[White "Groetz, Harald"]
[Black "Kupreichik, Viktor"]
[Result "0-1"]
[WhiteElo "2305"]
[BlackElo "2443"]
[Annotator "FRITZ 6"]
[PlyCount "136"]
[EventDate "2001.07.15"]

1. e4 Nf6 2. e5 Nd5 3. d4 d6 4. Nf3 Bg4 5. Be2 e6 6. O-O Be7 7. Re1 O-O 8. c4
Nb6 9. Nc3 dxe5 10. Nxe5 Bxe2 11. Rxe2 N8d7 12. c5 Nxe5 13. cxb6 Ng6 14. bxc7
Qxc7 15. d5 Rfd8 16. Qb3 Bd6 17. Bg5 Rf8 18. Nb5 Bxh2+ 19. Kh1 Qb8 20. dxe6 Bf4
21. Be7 Nxe7 22. exf7+ Kh8 23. Rxe7 Bg5 24. Re4 Qd8 25. Rae1 (25. Nd4 Bf6 26.
Ne6 $16) 25... Qd7 26. Nd4 Rxf7 27. Ne6 Bf6 28. Nc5 Qc7 29. Qxb7 Qxb7 30. Nxb7
h6 31. Re8+ Rxe8 32. Rxe8+ Kh7 33. Nd6 Rd7 34. Ne4 Bxb2 35. g3 Rd1+ 36. Kg2 Ra1
37. Nd6 Rd1 38. Nb5 a6 39. Nc7 a5 40. Re2 Bd4 41. Ne6 Bf6 42. Nc5 Kg6 43. Kf3
h5 44. Rc2 Kf5 45. Ke2 Rd5 46. a4 Be7 47. Nb3 g5 48. Rc7 Bb4 49. Rc4 Ke5 50.
f4+ Kd6 51. fxg5 Rxg5 52. Kf3 Be1 53. g4 h4 54. Re4 Bc3 55. Rc4 Bb4 56. Rf4 Rg8
57. Rf5 Rc8 58. Nxa5 Rc3+ 59. Kg2 h3+ 60. Kh2 Kc7 61. Rf7+ Kc8 62. Nb7 Rd3 63.
a5 Bc3 64. Re7 64... Bf6 { } 65. Rh7 (65. Nd6+ Rxd6 66. Rf7 Bd8 67. Kxh3 $11)
65... Be5+ 66. Kg1 Rd1+ 67. Kf2 h2 68. Kg2 Rg1+ 0-1

[Event "Open Oberwart  2001"]
[Site "Oberwart (Burgenland/Austria)"]
[Date "2001.07.15"]
[Round "9"]
[White "Freitag, Manfred"]
[Black "Ruck, Tamas"]
[Result "1/2-1/2"]
[WhiteElo "2384"]
[BlackElo "2315"]
[PlyCount "60"]
[EventDate "2001.07.15"]

1. d4 d5 2. c4 Nc6 3. cxd5 Qxd5 4. e3 e5 5. Nc3 Bb4 6. Bd2 Bxc3 7. Bxc3 exd4 8.
Ne2 Bg4 9. f3 Bxf3 10. gxf3 Qxf3 11. Bxd4 O-O-O 12. Rg1 Nf6 13. Rg3 Qh5 14.
Bh3+ Kb8 15. Qa4 Nxd4 16. Nxd4 Rhe8 17. Nf5 Ne4 18. Nxg7 Qe5 19. Nxe8 Nxg3 20.
Qf4 Qxf4 21. exf4 Rxe8+ 22. Kf2 Ne4+ 23. Kf3 Nf6 24. Rg1 h6 25. Rg7 Re7 26. Bf5
c5 27. Bg6 Kc7 28. Rxf7 Rxf7 29. Bxf7 Kd6 30. Bc4 30... b6 {.} 1/2-1/2

[Event "Open Oberwart  2001"]
[Site "Oberwart (Burgenland/Austria)"]
[Date "2001.07.15"]
[Round "9"]
[White "Bannink, Bernard"]
[Black "Lendwai, Reinhard"]
[Result "0-1"]
[WhiteElo "2246"]
[BlackElo "2380"]
[PlyCount "74"]
[EventDate "2001.07.15"]

1. d4 Nf6 2. Nf3 d5 3. c4 dxc4 4. e3 e6 5. Bxc4 c5 6. O-O a6 7. a4 Nc6 8. Qe2
cxd4 9. Rd1 Be7 10. exd4 O-O 11. Nc3 Nb4 12. Bg5 Nfd5 13. Nxd5 Nxd5 14. Bxd5
Bxg5 15. Nxg5 Qxd5 16. Ne4 Bd7 17. Nc3 Qg5 18. Qe5 Qg6 19. d5 Rac8 20. Rac1
Rfd8 21. a5 Kh8 22. Ne4 Ba4 23. Re1 Rxc1 24. Rxc1 h6 25. dxe6 fxe6 26. f3 Bc6
27. Re1 Kh7 28. h4 Rd5 29. Qg3 Rxa5 30. Qh3 30... Qf5 { } 31. g4 Qf4 32. g5 Re5
33. gxh6 gxh6 34. Rd1 Qe3+ 35. Kf1 Rxe4 36. Qg2 Rf4 37. h5 Rxf3+ 0-1

[Event "Open Oberwart  2001"]
[Site "Oberwart (Burgenland/Austria)"]
[Date "2001.07.15"]
[Round "9"]
[White "Nickl, Klaus"]
[Black "Mohsen, Khaled"]
[Result "0-1"]
[WhiteElo "2233"]
[BlackElo "2355"]
[PlyCount "46"]
[EventDate "2001.07.15"]

1. d4 Nf6 2. Nf3 g6 3. Bg5 Bg7 4. Nbd2 O-O 5. e4 d5 6. Bxf6 exf6 7. exd5 Qxd5
8. Be2 f5 9. c3 Nd7 10. Qb3 Qd6 11. O-O Nf6 12. Bc4 Ne4 13. Rfe1 Nxd2 14. Nxd2
c5 15. Nf3 cxd4 16. Nxd4 16... Bxd4 { } 17. Rad1 Bxf2+ 18. Kxf2 Qxh2 19. Bxf7+
Rxf7 20. Re8+ Kg7 21. Qc4 f4 22. Rdd8 Qg3+ 23. Kg1 Bh3 0-1